00757nam a22001695i 450000100060000000300090000600700030001500800410001804000200005910000270007924501450010626000760025130000200032750001370034771100780048485200250056254407ES-MaACLt|960721s1899 sp ||||1| spa d aCAM bspa cCAM1 aForns, Rafael María.10aCasuística clínica que demuestra la independencia de las cámaras tubárica y ático-mastoidea del oído medio / cpor el Dr. Forns. aMadrid : b[s.n.], c1899 (fEstabl. tipog. de los sucesores de Cuesta) a7 p. ; c24 cm. aPrecede al título: Segundo Congreso Español de Oto-rino-laringología celebrado en Barcelona del 19 al 22 de setiembre de 1899.2 aCongreso Español de Otorrinolaringología (n2º. d1899. cBarcelona) aES-MaACLjT-929-F-10